000 00844nam a22003017a 4500
001 BR6800599
003 BR-BrBNA
005 20230928083521.0
007 ta
008 230509b bl.||||| |||| 00| 0 por d
040 _aBR-BrBNA
_bpor
_cBiblioteca Nacional de Agricultura
041 _a(Spa)
072 _aM40
_b8310
_b/G514
090 _ 8310 BR6800599
100 1 _aCoelho, P.A.
100 1 _aRamos, M.A.
110 1 _aFAO, Rio de Janeiro, GB (Brasil)
_94530
245 1 _aContribuicion al conocimiento de los camarones comerciales en el norte y nordeste del Brasil
260 3 _aRio de Janeiro, GB (Brasil):
_c1968.
300 _a4 p.
500 _a5 ref.
650 _aCAMARAO
650 _aTAXONOMIA ANIMAL
650 _aREGIAO NORTE
650 _aREGIAO NORDESTE
909 _a202309
_bLucia
_c55
_dLucia Elande
942 _cBK
999 _c13921
_d13921